| 000 | 01230nam a2200325Ia 4500 | ||
|---|---|---|---|
| 001 | ebr10100667 | ||
| 003 | CaPaEBR | ||
| 006 | m u | ||
| 007 | cr cn||||||||| | ||
| 008 | 930309s1994 enkab sb 001 0beng d | ||
| 010 | _z 93015142 | ||
| 020 | _z0203204816 | ||
| 020 | _z0415100208 | ||
| 020 | _z0415100216 | ||
| 040 |
_aCaPaEBR _cCaPaEBR |
||
| 035 | _a(OCoLC)243606865 | ||
| 050 | 1 | 4 |
_aDT92 _b.E4 1994eb |
| 100 | 1 |
_aEllis, Walter M., _d1943- |
|
| 245 | 1 | 0 |
_aPtolemy of Egypt _h[electronic resource] / _cWalter M. Ellis. |
| 260 |
_aLondon ; _aNew York : _bRoutledge, _c1994. |
||
| 300 |
_axix, 104 p. : _bill., maps. |
||
| 504 | _aIncludes bibliographical references and index. | ||
| 533 |
_aElectronic reproduction. _bPalo Alto, Calif. : _cebrary, _d2009. _nAvailable via World Wide Web. _nAccess may be limited to ebrary affiliated libraries. |
||
| 600 | 0 | 0 |
_aPtolemy _bI Soter, _cKing of Egypt, _dd. 283 B.C. |
| 650 | 0 |
_aKings and rulers _vBiography. |
|
| 651 | 0 |
_aEgypt _xKings and rulers _vBiography. |
|
| 655 | 7 |
_aElectronic books. _2local |
|
| 710 | 2 | _aebrary, Inc. | |
| 856 | 4 | 0 |
_uhttp://site.ebrary.com/lib/rucke/Doc?id=10100667 _zAn electronic book accessible through the World Wide Web; click to view |
| 999 |
_c96519 _d96519 |
||